Quizzes
Events
Quiz Creation
Community
Videos
Private Events
Remove Ads
Sign In
Join for FREE
Feedback
Dark Mode
Quiz Categories
Sports
Geography
Music
Movies
Television
Just For Fun
Miscellaneous
History
Literature
Language
Science
Gaming
Entertainment
Religion
Holiday
For Kids
Quiz Lab
Recent
Popular Today
Quiz Kudos Today
Editor Picks
Curator Picks
Quizzes by...
Day
Popularity
Type
Ratings
Length
Year
Community
Subscriptions
Recent Discussions
Orange Saloon
Badges
Playlists
Quests
Create
Leaderboards
Showdown
Live 5
Trivia Bingo
Activity
Puzzle Library
Sporcle Events
Private Events
Virtual Trivia
Globe League
Become a Host
Pub Owners
SporcleCon
Opinionation
Our Games
Videos
Blog
Mobile Apps
Partnerships
Remove Ads and Go Orange
Feedback
Television
TV Characters
TV Show
Sitcom
Network
Friends
Reality Shows
Cast
South Park
Star Trek
The Simpsons
Doctor Who
Television
TV Characters
TV Show
Sitcom
Network
Friends
Reality Shows
Cast
South Park
Star Trek
The Simpsons
Doctor Who
Random Quiz
Search Sporcle
×
Quiz Lab
Quiz Lab
Television
job
Type in answers that appear in a list
Type in answers that appear in a list
Classic
Best Score? Go Orange.
Office Characters Stats
Can you name the Office Characters?
By
purplesting
10m
80 Questions
69 Plays
69 Plays
69 Plays
Comments
Comments
Give Quiz Kudos
Give Quiz Kudos
-
- Ratings
hide this ad
Replay
Link that replays current quiz
Next Quiz
Link to next quiz in quiz playlist
You Got
0%
They Got
Avg Score
60%
Avg Friend Score
Upgrade to see
Score Distribution
Jump to the score distribution portion of the page
Score
0/80
Timer
10:00
0
Plays Today
Job at Dunder Mifflin
Character
% Correct
Former Scranton Regional Manager
Michael Scott
100%
Former Warehouse
Michael
100%
Salesman
Jim Halpert
98.6%
Office Administrator
Pam Halpert
98.6%
Head of Accounting
Angela Martin
98.6%
Accountant
Kevin Malone
97.1%
Temp
Ryan Howard
97.1%
Utica Regional Manager
Karen Filippelli
95.7%
Head of Sales and Assistant Regional Manager
Dwight Shrute
95.7%
Accountant
Oscar Martinez
95.7%
Quality Assurance Representative
Creed Bratton
95.7%
Scranton Reception
Kelly Erin Hannon
95.7%
Former Corporate
Jan Levenson
95.7%
Scranton Regional Manager
Andy Bernard
94.2%
Salesman
Stanley Hudson
94.2%
Customer Service Representative
Kelly Kapoor
94.2%
Salesman
Phyllis Lapin-Vance
92.8%
Supplier Releations Representative
Meredith Palmer
91.3%
Human Resources
Toby Flenderson
91.3%
Sabre Coordinating Director
Gabe Lewis
91.3%
Former Human Resources
Holly Flax
91.3%
Warehouse
Darryl Philbin
89.9%
CEO of Dunder Mifflin
David Wallace
89.9%
Chairman of the Sabre Boared
Jo Bennet
89.9%
Angela's Husband
Robert Lipton
89.9%
Former Corporate
Robert California
88.4%
Vance Refrigeration
Bob Vance
87%
President of Special Projects
Nellie Bertram
85.5%
Former Warehouse
Roy Anderson
84.1%
Jan's Former Assistant
Hunter
81.2%
Dwight's Enstranged Cousin
Mose Shrute
81.2%
Former Stamford Regionial Manager
Josh Porter
79.7%
Former Regional Manager of Buffalo
Dan Gore
79.7%
Michael's Ex
Carol Stills
76.8%
Customer Service Representative
Pete Miller
75.4%
Traveling Salesman
Danny Cordray
75.4%
Former Salesman
Todd Packer
75.4%
Nashua Salesman
AJ
73.9%
Customer Service Representative
Clark Green
72.5%
Security
Hank Tate
71%
Job at Dunder Mifflin
Character
% Correct
Former Corporate
Charles Miner
69.6%
Former Scranton Regional Manger
Ed Truck
69.6%
Warehouse
Val
68.1%
Former Scranton Regional Manager
Deangelo Vickers
66.7%
Pam's Mother
Helene Beesly
66.7%
Warehouse
Nate
65.2%
Telemarketer
Vikram
65.2%
Stamford Transfer
Martin nash
63.8%
Warehouse
Hidetoshi 'Hide' Hasagawa
60.9%
The Office Cat
Bandit
56.5%
The Murderer
The Scranton Strangler
55.1%
Former Temp
Cathy Simms
52.2%
Stamford Transfer
Tony Gardener
46.4%
IT Administrator
Nick
42%
Former Warehouse
Madge Madsen
40.6%
Former Suppliar Relations
Devon White
37.7%
Property Manager
Billy Merchant
37.7%
The Stripper
Elizabeth
34.8%
Robert's Ex
Susan California
30.4%
Tech Support
Sadiq
27.5%
Former Warehouse
Matt
21.7%
Former Scranton Reception
Ronni
21.7%
Former Regional Manager of Albany
Craig
21.7%
Warehouse
Lonny Collins
20.3%
Utica Reception
Rolando
18.8%
Former Temp
Jordan Garfield
18.8%
Utica Salesman
Ben Nugent
13%
Former Warehouse
Philip
13%
Human Resources Corporate
Kendall
13%
Former Warehouse
Calvin
11.6%
Former Warehouse
Jerry Dicanio
8.7%
Former Scranton Employee
Tom Peets
5.8%
Vance Refrigeration Warehouse
Gino
5.8%
Corporate Banker
Troy Underbridge
4.3%
Stamford Transfer
Hannah Smoterich-Barr
4.3%
Vance Refrigeration Warehouse
Leo
4.3%
Sabre HQ Reception
Stephanie
2.9%
Warehouse
Gary Trundell
2.9%
Warehouse
Gideon
1.4%
Warehouse
Bruce
1.4%
Quiz Playlist
Details
Report
Send in Message
Add To Playlist
Classic:
Type in answers that appear in a list
Last Updated: Feb 16, 2017
Quiz Scoreboard
CHALLENGE
Sign Up to Join the Scoreboard
Show All
Scores
Hide
Comments
May contain spoilers
Recently Published
9x9 Crossword: Cartoon Network
by jackfrog10
Miscellaneous
3m
College Basketball Coaching Resumes
by pancakes188
Sports
9m
Billboard Blitz: Fleetwood Mac
by CooCooCachoo
Music
15s
More to Explore
Quiz From the Vault
Featured Blog Post
Where Did the Easter Bunny Come From?
hide this ad
You Might Also Like...
Tags
Character
Dunder
job
mifflin
office
Today's Top Quizzes in Television
Browse Television
hide this ad
Today's Top Quizzes in job
Browse job
Top Contributed Quizzes in Television
1
5-to-1: The Simpsons Families
2
5-to-1: Television Doctors
3
7-to-1: TV Show Settings
4
Adjectives in 00s TV Shows
5
Adjectives in 80s TV Shows
6
5-to-1: Streaming Originals
7
Adjectives in 10s TV Shows
8
Survivor Seasons
9
One Piece Logic Puzzle
10
All US Survivor Seasons in Order
Explore More
Trending Topics
Anime
Disney
Crossword
NBA
Harry Potter
Kpop
Marvel
Pokémon
The Office
WWE
Soccer
NFL
Puzzle
Song
Country
hide this ad
More By:
purplesting
Quiz
Plays
Rating
Category
Featured
Created
ABC Once Upon a Time Characters by Episode
4,281
3.30
Television
Oct 28, 2012
Characters in the Lorien Legacies
889
Literature
Dec 17, 2012
The Book Thief Characters
650
4.00
Literature
Nov 8, 2012
A Song of Ice and Fire POV
450
2.00
Literature
Jul 8, 2013
Harry Potter's Graduating Class
323
2.00
Literature
Sep 22, 2013
Go to Creator's Profile
Score Distribution
Quiz Creator Spotlight
purplesting
Follow
Send a Message
Quizzes Created
-
Created Quiz Play Count
-
More By This Creator
Popular Quizzes Today
1
Find the US States - No Outlines Minefield
2
Find the Countries of Europe - No Outlines Minefield
3
The Countries of the World
4
Find the US States
5
Risky Map Clicking: Biggest States A-Z
6
US States
7
Popular People in 1961
8
Movies - When Are They Set?
More Television Quizzes
Villanelle's 10 Best Kills
Quiz Lab
Trending Quizzes
Risky Map Clicking: Least Populous States A-Z
1-10 Letter G Words
1-10 Letter F Words
Risky Map Clicking: Next State Alphabetically
Adjectives in 80s TV Shows
Recently Updated
Leaping Animals
pecheneg
Reality TV Shows (A-Z)
bhenderson79
Rickey Henderson's Hall of Fame Teammates
pecheneg
Champions League XIs: Arsenal
pecheneg
Quick Pick: Celebrities in WWE's Hall of Fame
aduchscher
A-Z Keypad Blitz II
pecheneg
Multiple Oscar Actors
pecheneg
Mystery Phrase Blitz: Oscar 'Best Actors'
pecheneg
F. Scott Fitzgerald Novels
LTH
Pick 3 Villains
ddd62291
Trending Topics
Anime
Disney
Kpop
Harry Potter
Marvel
Crossword
NBA
WWE
Country
Pokémon
The Office
Soccer
Song
NFL
Puzzle
Your Account Isn't Verified!
In order to create a playlist on Sporcle, you need to verify the email address you used during registration. Go to your
Sporcle Settings
to finish the process.
Report this User
Report this user for behavior that violates our
Community Guidelines
.
Details:
Send Report
Go to the Sporcle.com Mobile Site →
Comments